000 00334 a2200157 4500
001 190737
020 _a85-254-1424-7
040 _cMagnum
100 _aEça de Queiroz, José Maria
240 1 0 _aOs Maias
_lpor
245 1 0 _aOs Maias
300 _a332
362 0 _a2005
697 _aLITERATURA GERAL ESTRANGEIRA
942 _cBK
999 _c190737
_d190737